[Event "25th Magistral Barcelona 2020"]
[Site "Barcelona"]
[Date "2020.12.08"]
[Round "7.5"]
[White "Grigoryan, Karen H."]
[Black "Lopez Martinez, Josep Manuel"]
[Result "1-0"]
[WhiteElo "2659"]
[BlackElo "2542"]
[Annotator "TA"]
[PlyCount "99"]
[EventDate "2020.12.02"]
[EventType "tourn"]
[EventCountry "ESP"]
[SourceTitle "playchess.com"]
[Source "ChessBase"]
[SourceQuality "1"]

{[%evp 9,99,28,31,14,54,54,54,46,56,31,52,31,72,54,59,35,32,33,64,62,60,46,47,31,54,13,27,10,41,28,38,22,71,53,63,64,78,63,76,75,76,81,85,81,93,95,90,87,97,77,86,38,105,41,24,39,53,39,62,73,68,81,83,86,70,17,16,6,106,112,181,176,156,0,115,114,338,313,1027,989,1482,1472,2013,2245,29988,29987,29987,29988,29988,29989,29991,29992]} 1. d4 Nf6 2. Bg5 d5 3. e3 c6 4. Bd3 g6 5. Nf3 Bg7 6. Nbd2 {D00: 1 d4 d5: Unusual lines.} Bf5 7. Bxf5 gxf5 {[#]} 8. c4 $146 {White is slightly better.} ({Predecessor:} 8. O-O Nbd7 9. c3 O-O 10. Ne1 Kh8 11. Nd3 Rg8 12. Nf4 Qe8 13. f3 e6 14. Qe1 {1-0 (48) Razin,V (2374)-Alexikov,A (2315) Lutsk 2017}) 8... Nbd7 9. Qc2 e6 10. Ne5 Qb6 {Threatening ...Nxe5.} 11. Nxd7 Nxd7 12. h3 O-O 13. O-O Rfe8 14. Bf4 Nf6 15. Rac1 Qd8 16. Nf3 Ne4 17. Ne5 f6 18. Nf3 Rc8 19. Rfd1 Bf8 20. Ne1 Nd6 21. b3 Nf7 22. Nd3 Qd7 23. Qc3 b6 24. Qb2 Bd6 25. Bxd6 Nxd6 26. Qe2 Ne4 27. f3 Nd6 28. Qf2 Kh8 29. Nf4 Qf7 30. Qh4 Rg8 {[#]} ({Better is} 30... dxc4 $14 31. bxc4 Nb7) 31. Qh6 (31. cxd5 $1 $16 cxd5 32. Nh5) 31... dxc4 $14 32. bxc4 Qe7 33. Qh4 Nf7 34. Kh1 Ng5 35. d5 e5 36. Nh5 Qf7 37. Ng3 (37. a4 $14) 37... Qg6 $1 $11 38. Kh2 c5 (38... Rc7 $11) 39. Rd2 $16 Rg7 {[#]} (39... Rcd8 $16 {was called for.}) 40. f4 $1 $18 Nf7 41. d6 $2 (41. Nh5 $16) 41... Rcg8 (41... Nxd6 $1 $11 {keeps the balance.} 42. Rxd6 Rcg8) 42. Nh5 $36 {[%mdl 2112] Double Attack. Black is under strong pressure.} Qh6 $2 {Now Black is done in.} (42... Nxd6 $16 43. Nxg7 Qxg7) 43. d7 exf4 $2 (43... Nd8 44. Rf1 Rf8) 44. exf4 $18 Nd8 45. Re1 Rg6 46. Re8 Rf8 47. Rde2 {White mates.} Rfg8 48. Rxg8+ Rxg8 {[#]} 49. Re8 $1 {[%mdl 512]} Rf8 50. Qe1 {Accuracy: White = 83%, Black = 53%.} 1-0

[Event "25th Magistral Barcelona 2020"]
[Site "Barcelona"]
[Date "2020.12.09"]
[Round "8.1"]
[White "Munoz, Miguel"]
[Black "Lopez Martinez, Josep Manuel"]
[Result "1/2-1/2"]
[WhiteElo "2442"]
[BlackElo "2542"]
[Annotator "ChessBase"]
[PlyCount "63"]
[EventDate "2020.12.02"]
[EventType "tourn"]
[EventCountry "ESP"]
[SourceTitle "playchess.com"]
[Source "ChessBase"]
[SourceQuality "1"]
[TimeControl "5400+30"]

1. e4 c5 2. Nf3 e6 3. c4 Nc6 4. d4 cxd4 5. Nxd4 Nf6 6. Nc3 Qc7 7. Be2 Be7 8. Be3 O-O 9. O-O d6 10. Rc1 Nxd4 11. Qxd4 Bd7 12. Rfd1 Rfd8 13. f3 Be8 14. Kh1 a6 15. g4 Nd7 16. g5 Qa5 17. Qd2 Bf8 18. a3 Rac8 19. f4 Qc7 20. Bd3 Nc5 21. Bc2 Nd7 22. Bd3 Qb8 23. b4 Rc7 24. Ne2 Rdc8 25. h4 b6 26. Kh2 Qb7 27. Rc2 b5 28. cxb5 axb5 29. Rdc1 Rxc2 30. Rxc2 Nb6 31. Rxc8 Nxc8 32. Nc3 1/2-1/2

[Event "25th Magistral Barcelona 2020"]
[Site "Barcelona"]
[Date "2020.12.09"]
[Round "8.2"]
[White "Batsiashvili, Nino"]
[Black "Grigoryan, Karen H."]
[Result "0-1"]
[WhiteElo "2460"]
[BlackElo "2659"]
[Annotator "TA"]
[PlyCount "150"]
[EventDate "2020.12.02"]
[EventType "tourn"]
[EventCountry "ESP"]
[SourceTitle "playchess.com"]
[Source "ChessBase"]
[SourceQuality "1"]

{[%evp 13,150,0,0,-8,14,9,10,0,0,0,0,0,4,3,4,2,5,17,15,20,23,2,39,35,35,25,32,28,29,46,45,35,43,0,0,0,0,0,0,-26,80,79,85,0,46,83,75,77,89,-14,138,2,286,304,295,0,0,-112,-161,-149,-117,-208,-208,-208,-220,-211,-183,-240,-216,-200,-156,-159,-124,-128,-77,-83,-54,-90,-80,-78,-63,-168,-156,-194,-51,-56,-16,-128,-38,-153,-46,-64,-8,-8,-8,-8,-8,-8,0,-120,-70,-70,-69,-582,-556,-443,-158,-216,-81,-573,-568,-742,-738,-737,-695,-714,-686,-868,-795,-915,-845,-1993,-1881,-1898,-1571,-1974,-1700,-29954,-29941,-29957,-4930,-29990,-29991,-29991,-29992,-29997,-29998,-29998,-29999]} 1. d4 Nf6 2. c4 e6 3. Nc3 Bb4 4. e3 O-O 5. Bd2 d5 6. Nf3 b6 7. cxd5 exd5 8. Bd3 {E51: Nimzo-Indian: Rubinstein: 4...0-0 5 Nf3 d5.} Ba6 9. Bxa6 Nxa6 10. Qa4 {The position is equal.} Qc8 11. Qc6 {[#]} Rd8 $146 ({Predecessor:} 11... Bxc3 12. Bxc3 Re8 13. O-O Re6 14. Qa4 Ne4 15. Rac1 Qb7 16. Rfd1 Rc8 17. Qb3 c6 {1-0 (44) Batsiashvili,N (2467)-Janik,I (2489) Figueira da Foz 2020}) 12. O-O Rd6 13. Qa4 Bxc3 14. Bxc3 Ne4 15. Rfc1 c5 16. Be1 Qb7 17. Ne5 f6 18. Nd3 c4 19. Nf4 b5 20. Qc2 Re8 21. b3 Rc8 22. f3 Ng5 23. a4 b4 24. bxc4 dxc4 25. Rab1 Qe7 26. Bf2 Rdd8 (26... Ne6 $11) 27. Qf5 $36 {[%mdl 2048] White is really pushing.} Qd6 28. e4 (28. Qb5 $1 $16) 28... b3 29. e5 fxe5 30. dxe5 Qh6 31. Be3 (31. Bxa7 Rf8 $17) (31. h4 $1 $16 {[%cal Rh4g5]} Nxf3+ 32. gxf3) 31... Rf8 $2 (31... Nb4 $1 $11) 32. Qd7 ({Only move:} 32. Qg4 $1 $16) 32... Rfd8 $2 {[%mdl 8192]} (32... Nb4 $1 $11 33. Rxb3 (33. Qxa7 Rf7 $15) 33... Nc2 34. Rxc2 Rcd8 35. Qxd8 Rxd8) 33. Qg4 $18 (33. Qxa7 Nb4 $11) 33... Rc6 34. h4 $2 (34. Bxa7 Nf7 $14) (34. Rd1 $18 Re8 35. Nd5 (35. Bxa7 c3 $11)) 34... Nf7 $11 35. e6 (35. Rd1 $1 $11 Re8 36. Qd7 Rxe5 37. Bd4) 35... Ne5 $17 36. Qf5 Qf6 37. Qxf6 (37. Qe4 $17 {is a better defense.} Nc5 38. Bxc5 Rxc5 39. Rxb3 cxb3 40. Rxc5 Qxh4 41. Rd5) 37... gxf6 $19 38. Bxa7 Nb4 $1 39. a5 Ned3 40. Nxd3 (40. Rd1 {keeps fighting.}) 40... Nxd3 41. Rc3 Nf4 {[%mdl 1024] Threatens to win with ...Ne2+. Black has strong compensation.} 42. Kh2 Nd5 (42... Nxe6 43. Rbxb3 $1 {[%mdl 512]} Rc7 44. Rb6 $16) 43. Rcc1 Ra8 (43... Nb4 $142 44. e7 Re8) 44. Bd4 $17 Raa6 45. g4 Kf8 $1 (45... Rxa5 46. Rxb3 $1 {[%mdl 512]} cxb3 47. Rxc6 $16) 46. g5 Ke7 ({Much weaker is} 46... Rxa5 $6 47. Rxb3 fxg5 48. Rb7 $14 (48. hxg5 Nf4 $11)) 47. Kg3 ({Better is} 47. gxf6+ $15 Nxf6 48. Rg1) 47... Kxe6 $19 48. f4 Kf5 ({Resist} 48... Rxa5 49. Rxb3 $1 {[%mdl 512]} fxg5 50. hxg5 $15) (48... Rc7 $1 $19 49. gxf6 Rxa5) 49. Kf3 $1 $15 fxg5 {aiming for ...g4+.} 50. fxg5 (50. Rg1 $1 $11 {keeps the balance.} Rg6 51. fxg5) 50... Nb4 (50... Rxa5 $17 51. Rxb3 cxb3 52. Rxc6 Ra4) 51. Bb6 ({White should try} 51. Rf1 $15) 51... Na2 (51... Nd3 $17 52. Rc3 Ra8) 52. Rf1 $1 Raxb6 ({Black should play} 52... Nc3 $15 53. Rbe1 b2 54. Ke3+ Kg4) 53. axb6 Rxb6 {[%mdl 4096] Endgame KRR-KRN} 54. Ke3+ Kg6 55. Rf2 $1 Rd6 56. Rh2 (56. Kf4 $1 $11 {remains equal.}) 56... Kf5 {And now ...Rd3+ would win.} 57. Rf1+ Ke5 {Strongly threatening ...Rd3+.} 58. Rb2 $2 {[%mdl 8192]} (58. h5 $1 $15) 58... Rd3+ $19 59. Kf2 Rh3 $2 (59... Nc3 $19 {...Nd1+ is the strong threat.} 60. Kg1 Ne4) 60. Re2+ (60. Kg2 $17 {was necessary.} Rxh4 61. Kg3) 60... Kd4 (60... Kd5 $19 {and Black stays clearly on top. Hoping for ...c3.} 61. Rd2+ Kc6) 61. Rd1+ $2 {[%mdl 8192] Cut Off at move 61} (61. Re7 $17 {was the crucial defense.}) 61... Kc5 {White must now prevent ...Rh2+.} 62. Kg2 Rxh4 63. Kg3 Nc3 64. Re5+ Kb4 65. Rd7 {[#]} Re4 $1 {[%cal Re4e5]} 66. Rb7+ Ka3 67. Ra5+ Na4 68. Kf3 Rh4 69. Kg3 Rd4 70. Rxh7 b2 71. Rh1 c3 {( -> ...c2)} 72. g6 c2 {Black mates.} 73. g7 c1=Q 74. g8=Q Qe3+ 75. Kh2 Qf2+ {Black used his chance.  Weighted Error Value: White=0.37/Black=0.37} 0-1

[Event "25th Magistral Barcelona 2020"]
[Site "Barcelona"]
[Date "2020.12.09"]
[Round "8.3"]
[White "Peralta, Fernando"]
[Black "Daulyte-Cornette, Deimante"]
[Result "1/2-1/2"]
[WhiteElo "2586"]
[BlackElo "2400"]
[Annotator "TA"]
[PlyCount "126"]
[EventDate "2020.12.02"]
[EventType "tourn"]
[EventCountry "ESP"]
[SourceTitle "playchess.com"]
[Source "ChessBase"]
[SourceQuality "1"]

{[%evp 9,126,27,33,17,18,5,11,12,22,8,13,0,22,27,30,24,20,27,16,24,18,22,52,13,13,13,20,18,13,5,18,0,0,0,0,0,0,0,0,0,0,0,5,0,0,0,48,8,8,8,8,10,8,8,16,8,8,17,31,16,16,0,49,0,16,0,54,0,31,31,98,98,89,92,2242,3824,1831,1683,5065,4632,5065,5065,5065,5065,5065,5057,5040,4133,4133,4133,1487,1356,727,31,1157,1122,1112,1113,432,31,31,31,31,31,31,8,8,8,8,8,8,8,8,8,8,8,8,8,8]} 1. d4 d5 2. c4 e6 3. Nc3 h6 4. Nf3 Nf6 5. a3 a6 6. e3 {D37: Queen's Gambit Declined: 5 Bf4.} dxc4 7. Bxc4 {[#]} c5 $146 ({Predecessor:} 7... Bd6 8. e4 Be7 9. e5 Nd5 10. O-O Nb6 11. Bd3 Nc6 12. h3 Nd5 13. Qc2 Nxc3 14. Qxc3 {½-½ (57) Duer,M (1855)-Dunkel,H (1700) Bad Woerishofen 2001}) 8. O-O b5 9. Be2 Nbd7 {[%cal Bb8d7,Bd7b6,Bb6c4][%mdl 32]} 10. d5 Nb6 {[%cal Rb6d5]} 11. dxe6 Bxe6 12. Qxd8+ Rxd8 13. a4 b4 14. a5 Nc4 15. Na4 Be7 16. Nb6 Nxb6 $1 17. axb6 Rb8 18. Rxa6 O-O 19. Ne5 {Nc6 is the strong threat.} Bd8 20. Bc4 Rxb6 21. Rxb6 Bxb6 22. Bxe6 fxe6 23. Nc4 Bc7 24. Rd1 Ra8 25. Kf1 Ra1 ({But not} 25... Bxh2 $6 26. g3 $16) 26. f4 g5 27. Ke2 Nd5 {[%cal Rg5f4]} 28. g3 Nb6 29. Kd3 Kf7 30. Nxb6 Bxb6 $11 {[%mdl 4096] Endgame KRB-KRB} 31. Kc4 Kf6 32. e4 {Hoping for fxg5+.} gxf4 33. gxf4 Ba7 34. Rg1 Bb8 35. Rf1 Ba7 36. Rg1 Bb8 37. Rf1 Ba7 38. h3 (38. Re1 $14) 38... h5 39. Rg1 Bb8 (39... Rb1 $14) 40. f5 $1 $16 {Threatens to win with Bg5+.} Kf7 {Threatening ...Bh2.} 41. Be3 Rxg1 $4 {[%mdl 8192]} (41... Ra2 $16) 42. fxe6+ $1 $18 Kxe6 43. Bxg1 $16 {KB-KB} Be5 44. b3 Bb2 45. Bxc5 Ke5 46. Bxb4 Kxe4 47. Bc3 Ba3 48. Bf6 $1 Kf5 49. Bd8 Bd6 50. Kd5 Bb4 {[#]} 51. Bc7 $2 ({White has to play} 51. Kd4 $1 $18 Be1 52. Kc4) 51... Kg5 $2 {[%mdl 8192]} (51... Be1 $14) 52. Kc4 $18 Be1 {[#]} 53. Bd8+ $1 Kf4 54. h4 $2 (54. b4 $18) 54... Ke5 $14 55. Kc5 Bf2+ 56. Kb5 Kd6 57. b4 {Strongly threatening Ka6.} Be1 {The position is equal.} 58. Bg5 Kc7 59. Be7 Kb7 60. Bd8 Bf2 61. Bf6 Be1 62. Be7 Bf2 63. Kc4 Kc6 {Black defended with fortune.  Weighted Error Value: White=0.40/Black=0.07} 1/2-1/2

[Event "25th Magistral Barcelona 2020"]
[Site "Barcelona"]
[Date "2020.12.09"]
[Round "8.4"]
[White "Alonso Rosell, Alvar"]
[Black "Narciso Dublan, Marc"]
[Result "1/2-1/2"]
[WhiteElo "2552"]
[BlackElo "2492"]
[Annotator "TA"]
[PlyCount "99"]
[EventDate "2020.12.02"]
[EventType "tourn"]
[EventCountry "ESP"]
[SourceTitle "playchess.com"]
[Source "ChessBase"]
[SourceQuality "1"]

{[%evp 11,99,14,16,7,14,19,29,0,18,10,22,21,21,22,26,30,30,41,115,120,115,116,113,104,108,98,130,129,134,108,105,95,105,97,145,91,122,114,154,147,157,150,212,205,188,219,216,189,299,296,296,287,334,334,334,334,334,334,298,306,311,316,247,197,197,172,154,70,71,0,0,0,0,0,0,0,0,0,0,0,0,0,0,0,0,0,0,0,0,0]} 1. Nf3 d5 2. g3 Bg4 3. Bg2 c6 4. O-O Nd7 5. d4 e6 6. c4 Ngf6 7. h3 {D11: Slav Defence: 3 Nf3 sidelines and 3...Nf6 4 e3 Bg4.} Bh5 8. cxd5 exd5 9. Ne5 {White has an edge.} Nxe5 (9... Ne4 {with more complications.} 10. Bxe4 dxe4 11. Nc3 f6 12. Nc4 Nb6) 10. dxe5 Ne4 11. Bxe4 dxe4 12. Nc3 Qxd1 13. Rxd1 {[#]} Be7 $146 ({Predecessor:} 13... Bb4 14. Nxe4 Bxe2 15. Rd4 Be7 16. Bg5 Bf3 17. Bxe7 Bxe4 18. Bf6 gxf6 19. Rxe4 Ke7 20. exf6+ Kxf6 {1-0 (27) Svane,R (2613)-Arjun,K (2477) chess.com INT 2020}) 14. Rd4 O-O ({Better is} 14... Rd8 $14 15. Rxe4 Bg6) 15. Rd7 $16 ({Of course not} 15. Rxe4 $6 f6 $11) 15... Rfe8 16. Rxb7 ({Don't play} 16. Nxe4 Rad8 $14) 16... f5 17. exf6 Bxf6 18. g4 Bg6 19. Bf4 Rf8 {Threatening ...Bxc3.} 20. Bd6 Rf7 21. Rxf7 Bxf7 22. Rc1 Re8 23. Bc5 (23. b3 $142) 23... a6 24. b3 h5 25. Be3 hxg4 26. hxg4 Kh7 (26... Bxc3 $16 27. Rxc3 Rc8) 27. Na4 $18 Bd5 28. Nb6 Rd8 29. Rc5 Rd6 (29... Be7 {is a better defense.}) 30. Bf4 Rd8 {intending ...Bd4.} 31. Bc7 Bd4 32. Rxd5 $1 ({Weaker is} 32. Bxd8 Bxc5 33. Nxd5 cxd5 $16) 32... Rxd5 33. Nxd5 cxd5 {[%mdl 4096] Endgame KB-KB} 34. b4 Bc3 35. Bd6 Kg6 36. a4 Kf6 37. b5 axb5 38. axb5 {[#] And now b6 would win.} Ke6 39. Bc5 (39. Bf4 $16 {b6 is the strong threat.} Bd4 40. Kf1) 39... d4 $1 $14 40. f4 (40. b6 $16 {Threatens to win with b7.} Kd7 41. f4) 40... exf3 $11 {The position is equal.} 41. exf3 Kd5 42. Be7 Ba5 43. Kf2 Kc4 44. Ke2 d3+ 45. Kd1 Kxb5 46. f4 Kc6 47. f5 Kd7 48. Bf8 Bc3 49. g5 Ke8 50. Bxg7 {White really could win this.  Weighted Error Value: White=0.10/Black=0.11} 1/2-1/2

[Event "25th Magistral Barcelona 2020"]
[Site "Barcelona"]
[Date "2020.12.09"]
[Round "8.5"]
[White "Ayats Llobera, Gerard"]
[Black "Milliet, Sophie"]
[Result "1/2-1/2"]
[WhiteElo "2400"]
[BlackElo "2401"]
[Annotator "ChessBase"]
[PlyCount "59"]
[EventDate "2020.12.02"]
[EventType "tourn"]
[EventCountry "ESP"]
[SourceTitle "playchess.com"]
[Source "ChessBase"]
[SourceQuality "1"]
[TimeControl "5400+30"]

1. e4 {[%emt 0:00:00]} e5 {[%emt 0:00:00]} 2. Nf3 {[%emt 0:00:00]} Nc6 {[%emt 0:00:00]} 3. d4 {[%emt 0:00:00]} exd4 {[%emt 0:00:00]} 4. Nxd4 {[%emt 0:00:00]} Nf6 {[%emt 0:00:08]} 5. Nxc6 {[%emt 0:00:00]} bxc6 {[%emt 0:00:07]} 6. e5 {[%emt 0:00:00]} Qe7 {[%emt 0:00:18]} 7. Qe2 {[%emt 0:00:11]} Nd5 {[%emt 0:00:07]} 8. c4 {[%emt 0:00:06]} Ba6 {[%emt 0:00:21]} 9. b3 {[%emt 0:00:20]} g6 {[%emt 0:01:37]} 10. g3 {[%emt 0:00:15]} Bg7 {[%emt 0:00:49]} 11. Bb2 {[%emt 0:00:10]} O-O {[%emt 0:01:07]} 12. Bg2 {[%emt 0:00:14]} Rae8 {[%emt 0:17:27]} 13. O-O {[%emt 0:00:25]} Bxe5 {[%emt 0:04:19]} 14. Qxe5 {[%emt 0:00:11]} Qxe5 {[%emt 0:00:07]} 15. Bxe5 {[%emt 0:00:04]} Rxe5 {[%emt 0:00:05]} 16. cxd5 {[%emt 0:00:03]} Bxf1 {[%emt 0:00:07]} 17. Kxf1 {[%emt 0:00:02]} cxd5 {[%emt 0:00:27]} 18. Nc3 {[%emt 0:00:03]} c6 {[%emt 0:00:34]} 19. Rd1 {[%emt 0:00:05]} a5 {[%emt 0:04:29]} 20. Na4 {[%emt 0:05:08]} Rb8 {[%emt 0:01:32]} 21. Nc5 {[%emt 0:01:20]} Re7 {[%emt 0:00:24]} 22. Rd4 {[%emt 0:02:15]} Rb5 {[%emt 0:06:05]} 23. Nd3 {[%emt 0:00:24]} Kf8 {[%emt 0:11:41]} 24. f3 {[%emt 0:04:43]} Re8 {[%emt 0:02:45]} 25. Kf2 {[%emt 0:02:16]} Ke7 {[%emt 0:05:12]} 26. Ke3 {[%emt 0:00:43]} Kd6+ {[%emt 0:03:04]} 27. Kd2 {[%emt 0:00:08]} c5 {[%emt 0:04:20]} 28. Rf4 {[%emt 0:03:00]} f5 {[%emt 0:03:51]} 29. Bf1 {[%emt 0:31:08]} Rc8 {[%emt 0:02:16]} 30. Kc3 {[%emt 0:17:43]} 1/2-1/2

[Event "25th Magistral Barcelona 2020"]
[Site "Barcelona"]
[Date "2020.12.10"]
[Round "9.1"]
[White "Milliet, Sophie"]
[Black "Munoz, Miguel"]
[Result "1/2-1/2"]
[WhiteElo "2401"]
[BlackElo "2442"]
[Annotator "TA"]
[PlyCount "60"]
[EventDate "2020.12.02"]
[EventType "tourn"]
[EventCountry "ESP"]
[SourceTitle "playchess.com"]
[Source "ChessBase"]
[SourceQuality "1"]

{[%evp 17,60,70,71,48,61,50,89,113,116,72,72,85,75,68,80,88,75,-25,-20,-7,-12,-7,14,0,0,0,0,0,0,-58,-52,-43,-20,-16,-20,-14,0,0,0,0,0,0,0,0,0]} 1. e4 d5 2. exd5 Qxd5 3. Nc3 Qa5 4. d4 Nf6 5. Nf3 Bg4 6. h3 Bxf3 7. Qxf3 c6 8. Bd2 Nbd7 9. O-O-O {9.Bc4 is vanishing.} e6 10. a3 {[#] B01: Scandinavian Defence.} Be7 $146 ({Predecessor:} 10... Qc7 11. Kb1 O-O-O 12. g3 Nb6 13. Bf4 Bd6 14. Bh6 Bf8 15. Be2 Nbd7 16. Be3 Bd6 17. g4 Rhf8 {1-0 (50) Kerekgyarto,F (1477)-Carrizo,S (999) LSS email 2008}) 11. g4 Qb6 12. g5 {White is better.} Nd5 13. Ne4 Qxd4 14. Bc3 Qb6 15. Bxg7 Rg8 16. Bd4 c5 17. Nf6+ (17. Bf6 $16 Bxf6 18. gxf6) 17... Bxf6 $11 18. Bxf6 N5xf6 19. gxf6 O-O-O 20. Bg2 Qc6 21. Qxc6+ bxc6 22. Bxc6 Nxf6 23. c4 (23. Rhe1 $11) 23... Kc7 $15 24. Bf3 Rg5 25. Rxd8 {The position is equal.} Kxd8 $11 {KRB-KRN} 26. Kd2 Rf5 27. Ke3 Re5+ 28. Kf4 Rf5+ 29. Ke3 Re5+ 30. Kf4 Rf5+ {Weighted Error Value: White=0.22/Black=0.06} 1/2-1/2

[Event "25th Magistral Barcelona 2020"]
[Site "Barcelona"]
[Date "2020.12.10"]
[Round "9.2"]
[White "Narciso Dublan, Marc"]
[Black "Ayats Llobera, Gerard"]
[Result "1-0"]
[WhiteElo "2492"]
[BlackElo "2400"]
[Annotator "TA"]
[PlyCount "89"]
[EventDate "2020.12.02"]
[EventType "tourn"]
[EventCountry "ESP"]
[SourceTitle "playchess.com"]
[Source "ChessBase"]
[SourceQuality "1"]

{[%evp 17,89,58,54,54,46,52,57,54,68,57,63,62,65,53,88,97,91,87,97,89,123,78,83,89,86,83,85,91,115,87,100,84,84,53,73,54,66,60,77,70,94,62,95,35,89,18,115,104,393,381,365,67,453,450,424,445,791,737,764,729,985,1000,987,990,939,741,1063,1040,1183,809,805,807,1497,1408]} 1. d4 Nf6 2. c4 c5 3. d5 e6 4. Nc3 exd5 5. cxd5 d6 6. e4 g6 7. Nge2 Bg7 8. Ng3 O-O 9. Be2 Na6 10. O-O {A65: Modern Benoni: 6 e4.} Nc7 11. a4 a6 12. Bg5 {White is slightly better.} h6 13. Be3 Re8 14. Qd2 Kh7 15. f3 Rb8 16. Rab1 a5 {[#]} 17. Bf4 $146 ({Predecessor:} 17. Bc4 Bd7 18. Nb5 Nxb5 19. axb5 Qb6 20. Qd3 a4 21. Kh1 Ra8 22. Bd2 Ra7 23. Ra1 {1-0 (34) Biliskov,V (2292)-Ivekovic,Z (2424) Biograd na Moru 2018}) 17... Bf8 18. Ra1 Bd7 19. Rfe1 b5 20. axb5 Bxb5 21. Rxa5 Bxe2 22. Ngxe2 ({Worse is} 22. Qxe2 Ncxd5 23. Bd2 (23. Nxd5 Nxd5 {[%mdl 64] Pin} 24. Bd2 Rxb2 $17) 23... Rxb2 $17) 22... Rb4 23. Ra2 Bg7 24. Qc1 Qe7 25. Bd2 Nd7 26. Nd1 Rb3 27. Qc2 Reb8 28. Bc3 Ne5 29. Nf2 Qg5 {[#] ...Nxf3+ is the strong threat.} 30. Ng3 ({White should try} 30. Kh1 $1 $16 {Threatens to win with f4.} Nc4 31. Nd1 Bxc3 32. Nexc3) 30... c4 (30... R3b6 $14) 31. Qc1 (31. Bxe5 $16 Bxe5 32. Qxc4) 31... Qe7 (31... Nd3 $11 32. Nxd3 Bxc3 33. bxc3 cxd3) 32. Ra7 $16 Rxb2 $2 {[%mdl 8192]} (32... Ra8 $16 {keeps fighting.} 33. Rxa8 Nxa8) 33. Bxb2 $18 Rxb2 34. Re2 $2 {[#]} (34. f4 $18 Rxf2 35. fxe5 Bxe5 36. Rxc7 {[%mdl 64] Double Attack} (36. Kxf2 Bd4+ 37. Ke2 Bxa7 $16) 36... Rxg2+ 37. Kxg2 Qxc7 38. Qe3) 34... Nd3 $2 {[%mdl 8192]} (34... c3 $14) 35. Qxc4 {White is clearly winning.} ({Less strong is} 35. Nxd3 Bd4+ 36. Kf1 (36. Kh1 Rxe2 37. Ra4 cxd3 $18) 36... Rb3 $18) 35... Rb1+ 36. Nf1 Nf4 (36... Nc5 $142 37. e5 Qd8) 37. Rc2 Qg5 38. g3 Nb5 39. Rxf7 Nh5 40. f4 Qd8 41. Rc1 Rb2 42. Rb7 Na3 43. Qc7 Qxc7 44. Rcxc7 Re2 45. g4 {Weighted Error Value: White=0.29/Black=0.63} 1-0

[Event "25th Magistral Barcelona 2020"]
[Site "Barcelona"]
[Date "2020.12.10"]
[Round "9.4"]
[White "Grigoryan, Karen H."]
[Black "Peralta, Fernando"]
[Result "1-0"]
[WhiteElo "2659"]
[BlackElo "2586"]
[Annotator "TA"]
[PlyCount "115"]
[EventDate "2020.12.02"]
[EventType "tourn"]
[EventCountry "ESP"]
[SourceTitle "playchess.com"]
[Source "ChessBase"]
[SourceQuality "1"]

{[%evp 10,115,21,17,20,9,13,12,13,18,18,10,35,8,8,0,16,0,0,0,0,0,6,0,48,51,38,52,56,45,60,52,71,38,66,20,33,0,39,43,27,0,0,0,66,0,0,0,0,0,0,0,0,0,0,0,0,0,0,0,0,0,0,0,0,0,18,0,0,0,93,93,650,650,915,650,650,650,665,459,632,629,604,579,562,0,443,429,29972,29969,29969,7573,5093,397,632,590,603,539,29957,29960,29950,29946,1288,4035,29978,29979,29979,29979]} 1. d4 e6 2. c4 Nf6 3. Nc3 Bb4 4. f3 d5 5. a3 Be7 6. e4 dxe4 {E20: Nimzo-Indian: 4 g3 and 4 f3.} 7. fxe4 c5 {is more profitable than 7...e5 at the moment.} 8. d5 exd5 {The position is equal.} 9. exd5 O-O 10. Nf3 Bg4 11. Be2 Bd6 12. O-O Nbd7 13. Bg5 {[#]} Bxf3 $146 ({Predecessor:} 13... Re8 14. Qd2 a6 15. Rae1 Qc7 16. h3 Bh5 17. Bd3 Bg3 18. Rxe8+ Rxe8 19. Ne2 Bd6 {0-1 (45) Tomczak,M (2435)-Esipenko,A (2682) chess.com INT 2020}) 14. Bxf3 Qc7 15. h3 Rae8 16. Nb5 Qb8 17. Nxd6 Qxd6 18. Qd2 Ne5 19. Bf4 Nxf3+ 20. Rxf3 Qd7 21. b4 Ne4 22. Qb2 b6 23. a4 f5 24. bxc5 bxc5 25. Qb5 Qf7 26. Raf1 Qf6 ({Black should try} 26... g5 $11 27. Be3 Qe7) 27. Be3 (27. Rd3 $1 $14) 27... g6 $11 28. Bxc5 a6 $1 {[%cal Ra6b5]} 29. Qb6 Nxc5 30. Qxc5 Rc8 $1 {[%cal Rc8c5]} 31. Qa3 Qd4+ 32. Kh1 Rxc4 33. Rd3 Rxa4 34. Qb3 $36 {[%mdl 2048] White is more active.} Qb4 35. Qd1 Ra2 36. d6 Rd8 37. Re1 {Hoping for d7.} Qb7 {[%csl Ga2][%cal Rb7g2]} 38. Re2 Rxe2 39. Qxe2 {[%mdl 4096] Endgame KQR-KQR} Qe4 (39... Kf7 $11 {keeps the balance.}) 40. Re3 $1 $16 {[%cal Re3e4][%mdl 1024] White has strong compensation. White leaves nothing to chance now.} Qb1+ $2 {[%mdl 8192]} (40... Qa4 $16) 41. Kh2 $18 {Intending Qc4+ and mate.} Qb8 42. Qc4+ Kf8 43. Re6 $1 {[%cal Re6f6] Rf6+ would kill now.} ({Weaker is} 43. Qc7 Qxc7 44. dxc7 Rc8 $17) 43... Rd7 {If Black can now play ...Qd8 this consolidates a bit.} 44. Rf6+ Kg7 45. Qd4 Kh6 46. Qe3+ Kg7 47. Qd4 Kh6 $1 48. Re6 Qb5 (48... Qd8 $18 49. h4 f4) 49. Qh4+ Kg7 50. Qf6+ (50. Re7+ $142 Rxe7 51. Qxe7+ Kg8 52. d7 Qb8+ 53. Kg1 Qb6+ 54. Kf1 Qb1+ 55. Kf2 Qb6+ 56. Kg3 Qc7+ 57. Kh4) 50... Kh6 51. h4 $2 (51. Qd4 {aiming for Qh4+.} a5 52. Qh4+ Kg7 53. Re7+ Rxe7 54. Qxe7+ Kg8 55. d7 Qb8+ 56. Kg1 Qb6+ 57. Kf1 Qb1+ 58. Kf2 Qc2+ 59. Kg3 Qd3+ 60. Kh4 Qd4+ 61. Kg3 f4+ 62. Kh2) 51... Qc4 (51... Qb8 $142 52. Qxf5 Qd8) 52. Qg5+ $1 Kg7 {[#]} 53. Re7+ $1 Rxe7 54. Qxe7+ Kh6 55. Qe3+ Kg7 {[#]} 56. Qe5+ $1 Kf7 57. Qe7+ Kg8 58. Qd8+ {Weighted Error Value: White=0.42/Black=0.71} 1-0